000 00730nam a22002777a 4500
001 BR6007335
003 BR-BrBNA
005 20230928095632.0
007 ta
008 230509b bl.||||| |||| 00| 0 por d
040 _aBR-BrBNA
_bpor
_cBiblioteca Nacional de Agricultura
041 _a(Por)
072 _aH60
090 _ H60 BR6007335
100 1 _aBeltrao, N.E. de M.
100 1 _aVerdolin, H.
245 1 _aEfeito do MSMA no controle da tiririca (Cyperus rotundus, L.)
260 3 _aFortaleza, CE (Brasil):
_c1975.
300 _a16 p.
500 _a11 ref.; Summary (Eng)
650 _aHerbicida
650 _aTiririca
650 _aControle Quimico
909 _a202309
_bLucia
_c55
_dLucia Elande
942 _cBK
999 _c57771
_d57771